000
00298nam a22001217a 4500
082
_a
384.54 ABB'H
100
_a
ABBOT, WALDO
_9
79953
245
_a
HANDBOOK OF BROADCASTING HOW TO BROADCAST EFFECTIVELY
250
_a
2ND
260
_a
NEWYORK
_b
MCGRAW HILL
_c
1941
300
_a
XI,422P
942
_c
BK
999
_c
584932
_d
584932